Private sector housing (Record no. 106776)
[ view plain ]
| 000 -LEADER | |
|---|---|
| fixed length control field | 02154cam a22003495a 4500 |
| 001 - CONTROL NUMBER | |
| control field | L137430 |
| 008 - FIXED-LENGTH DATA ELEMENTS--GENERAL INFORMATION | |
| fixed length control field | 070405s2007 xxk f 001 0 eng d |
| 020 ## - INTERNATIONAL STANDARD BOOK NUMBER | |
| International Standard Book Number | 042195020 |
| 035 ## - SYSTEM CONTROL NUMBER | |
| System control number | (Sirsi) u137430 |
| 041 0# - LANGUAGE CODE | |
| Language code of text/sound track or separate title | eng |
| 050 04 - LIBRARY OF CONGRESS CALL NUMBER | |
| Classification number | 306.52 $2 18 |
| 100 1# - MAIN ENTRY--PERSONAL NAME | |
| Personal name | Hunter, Caroline |
| 245 00 - TITLE STATEMENT | |
| Title | Private sector housing |
| Remainder of title | regulating conditions |
| 260 ## - PUBLICATION, DISTRIBUTION, ETC. | |
| Place of publication, distribution, etc. | London |
| Name of publisher, distributor, etc. | Sweet and Maxwell |
| Date of publication, distribution, etc. | 2007 |
| 300 ## - PHYSICAL DESCRIPTION | |
| Extent | xxxiii, 537p. |
| Dimensions | 24cm. |
| 350 ## - PRICE (NR) (BK AM CF MU VM SE) [OBSOLETE] | |
| Price | 85.00 |
| 505 2# - FORMATTED CONTENTS NOTE | |
| Formatted contents note | Key concepts -- Housing health and safety rating system -- Inspection and assessment of hazards -- Enforcement action -- Emergency action -- Criminal offences, direct action by the authority, charges and expenses and other powers -- Appeals against HHSRS enforcement -- Defining houses in multiple occupation -- licensing of HMOs -- licensing of other residential accommodation -- Appeals against licensing decisions -- Management orders -- Empty dwelling management orders -- Other HMO powers -- Hearings before the residential property tribunal |
| 520 ## - SUMMARY, ETC. | |
| Summary, etc. | Discusses the powers, functions and duties of local authorities, and the provisions of the Housing Act 2004 in relation to the housing health and safety rating system. Discusses the standards required of landlords, selective licensing and appeals. Describes the legislation relating to private sector housing regulation. |
| 590 ## - LOCAL NOTE (RLIN) | |
| Local note | KA |
| 650 24 - SUBJECT ADDED ENTRY--TOPICAL TERM | |
| Topical term or geographic name entry element | HOUSING ACT 2004 |
| 650 24 - SUBJECT ADDED ENTRY--TOPICAL TERM | |
| Topical term or geographic name entry element | REGULATORY REFORM (HOUSING ASSISTANCE) (ENGLAND AND WALES) ORDER 2002 |
| 650 24 - SUBJECT ADDED ENTRY--TOPICAL TERM | |
| Topical term or geographic name entry element | HOUSING HEALTH AND SAFETY RATING SYSTEM (ENGLAND) REGULATIONS 2005 |
| 650 24 - SUBJECT ADDED ENTRY--TOPICAL TERM | |
| Topical term or geographic name entry element | HOUSING (EMPTY DWELLING MANAGEMENT ORDERS) (PRESCRIBED EXCEPTIONS AND REQUIREMENTS) (ENGLAND) ORDER 2006 |
| 650 24 - SUBJECT ADDED ENTRY--TOPICAL TERM | |
| Topical term or geographic name entry element | HOUSING (MANAGEMENT ORDERS AND EMPTY DWELLING MANAGEMENT ORDERS) (SUPPLEMENTAL PROVISIONS) (ENGLAND) REGULATIONS 2006 |
| 650 24 - SUBJECT ADDED ENTRY--TOPICAL TERM | |
| Topical term or geographic name entry element | HOUSING (INTERIM MANAGEMENT ORDERS) (PRESCRIBED CIRCUMSTANCES) (ENGLAND ) ORDER 2006 |
| 650 24 - SUBJECT ADDED ENTRY--TOPICAL TERM | |
| Topical term or geographic name entry element | MANAGEMENT OF HOUSES IN MULTIPLE OCCUPATION (ENGLAND) REGULATIONS 2006 |
| 651 #4 - SUBJECT ADDED ENTRY--GEOGRAPHIC NAME | |
| Geographic name | England and Wales |
| Chronological subdivision | 1543- |
| 690 ## - LOCAL SUBJECT ADDED ENTRY--TOPICAL TERM (OCLC, RLIN) | |
| Topical term or geographic name as entry element | Residential property |
| 9 (RLIN) | 6266 |
| 700 1# - ADDED ENTRY--PERSONAL NAME | |
| Personal name | Dymond, Andrew |
| 942 ## - ADDED ENTRY ELEMENTS (KOHA) | |
| Suppress in OPAC | 0 |
| Withdrawn status | Lost status | Source of classification or shelving scheme | Damaged status | Not for loan | Home library | Current library | Shelving location | Date acquired | Total Checkouts | Full call number | Barcode | Date last seen | Date last checked out | Copy number | Price effective from | Koha item type |
|---|---|---|---|---|---|---|---|---|---|---|---|---|---|---|---|---|
| Dewey Decimal Classification | London | London | Books | 30/05/2007 | 3 | 306.52 HUN | 30073862 | 02/01/2024 | 09/02/2009 | 1 | 06/08/2019 | Book |